LNER Stations Quiz - Statistics

General Stats
  • This quiz has been taken 57 times
  • The average score is 35 of 54
Answer Stats
Answer % Correct
Aberdeen
100%
Newcastle
100%
London King's Cross
98%
Harrogate
95%
Lincoln
95%
Middlesbrough
95%
York
95%
Hull
93%
Peterborough
93%
Skipton
93%
Leeds
88%
Berwick-upon-Tweed
85%
Stevenage
85%
Darlington
83%
Doncaster
83%
Dundee
83%
Durham
83%
Edinburgh Waverley
80%
Newark Northgate
80%
Grantham
78%
Inverness
73%
Dunbar
68%
Morpeth
68%
Northallerton
68%
Perth
68%
Bradford Forster Square
66%
Haymarket
66%
Retford
66%
Alnmouth
63%
Wakefield Westgate
61%
Selby
59%
Brough
54%
Leuchars
51%
Montrose
51%
Reston
51%
Keighley
49%
Stirling
49%
Stonehaven
49%
Thornaby
49%
Arbroath
46%
Shipley
46%
Horsforth
44%
Kirkcaldy
44%
Inverkeithing
41%
Aviemore
39%
Falkirk Grahamston
39%
Pitlochry
37%
Blair Atholl
34%
Carrbridge
34%
Dunblane
34%
Gleneagles
34%
Kingussie
34%
Dunkeld & Birnam
29%
Newtonmore
29%
No matching quizzes found
Score Distribution
Percent of People with Each Score
Percentile by Number Answered
Your Score History
You have not taken this quiz